000 00340nam a22001217a 4500
999 _c2799
_d2799
005 20200924112738.0
008 200924b ||||| |||| 00| 0 eng d
020 _a27434
040 _cCML
245 _aThe World Book Encyclopedia: D.
260 _aLondon
_bWorld Book, Inc.
_c1990
942 _2ddc
_cBK
_eVolume 5
_h030
_kR
_mWOR